[Event "Elit(LASK-Rockaden,Sthlm)"]
[Site "?"]
[Date "2014.03.09"]
[Round "9"]
[White "Barkhagen, Jonas"]
[Black "Nilsson, Sebastian"]
[Result "1-0"]
[WhiteElo "2483"]
[BlackElo "2381"]
[PlyCount "79"]

1. d4 Nf6 2. c4 g6 3. Nc3 Bg7 4. e4 d6 5. Be2 O-O 6. Nf3 e5 7. O-O Nc6 8. d5
Ne7 9. Ne1 Nd7 10. Nd3 f5 11. Bd2 fxe4 12. Nxe4 Nf6 13. f3 Nf5 14. Ndf2 c6 15.
Nxf6+ Bxf6 16. Ne4 Bg7 17. Kh1 Qb6 18. b3 Nd4 19. dxc6 Qxc6 20. Bd3 Bf5 21. Be3
Kh8 22. Nc3 a6 23. Rc1 Qd7 24. Nd5 Rae8 25. a4 Ne6 26. a5 Nc5 27. Be2 e4 28.
fxe4 Bxe4 29. b4 Rxf1+ 30. Bxf1 Bxd5 31. Qxd5 Nb3 32. Re1 Nd4 33. Bf2 Rxe1 34.
Bxe1 Qe7 35. Bf2 Qf6 36. Kg1 Nc6 37. b5 Nxa5 38. bxa6 Qd8 39. axb7 Qc7 40. Qxa5
1-0

[Event "Elit(LASK-Rockaden,Sthlm)"]
[Site "?"]
[Date "2014.03.09"]
[Round "9"]
[White "Stuvik Holm, Kristian"]
[Black "Engqvist, Thomas"]
[Result "0-1"]
[WhiteElo "2349"]
[BlackElo "2428"]
[PlyCount "156"]

1. d4 Nf6 2. c4 e6 3. Nf3 b6 4. g3 Ba6 5. Nbd2 c5 6. Bg2 Bb7 7. e4 cxd4 8. Nxd4
Bc5 9. N4b3 Be7 10. O-O Qc7 11. Qe2 d6 12. Nd4 Nc6 13. Nc2 a6 14. b3 Nd7 15.
Bb2 O-O 16. Rfd1 Bf6 17. Bxf6 Nxf6 18. Nf3 Rfe8 19. Ncd4 Ne5 20. Nd2 Qc5 21.
Nf1 Nc6 22. Nxc6 Bxc6 23. Qe3 Qxe3 24. Nxe3 Red8 25. e5 Bxg2 26. exf6 Bf3 27.
Rd4 e5 28. Rd2 gxf6 29. Nf5 Rd7 30. Re1 Rad8 31. Rd3 Bc6 32. Rd2 h5 33. f4 Kh7
34. Kf2 b5 35. Red1 bxc4 36. bxc4 d5 37. cxd5 Ba4 38. Re1 Rxd5 39. Rxd5 Rxd5
40. Ne3 Rd3 41. Re2 Bb5 42. Rc2 Rd4 43. Kf3 Ra4 44. h4 Bd3 45. Rb2 Be4+ 46. Kf2
Kg6 47. Nd1 exf4 48. gxf4 Kf5 49. Kg3 Ra3+ 50. Rb3 Rxa2 51. Ne3+ Kg6 52. Rb4 f5
53. Rb6+ f6 54. Nc4 Rg2+ 55. Kh3 Rc2 56. Ne5+ Kg7 57. Nd7 Rc6 58. Rxc6 Bxc6 59.
Nc5 a5 60. Kg3 a4 61. Ne6+ Kg8 62. Nd4 a3 63. Nc2 a2 64. Kf2 Kf7 65. Ke3 Ba4
66. Na1 Ke6 67. Kd4 Kd6 68. Kc4 Bd1 69. Kd4 Kc6 70. Kc4 Kb6 71. Kd5 Kb5 72. Kd4
Kb4 73. Kd3 Ka3 74. Kd2 Bb3 75. Kc3 Ba4 76. Kd3 Kb2 77. Kd2 Kxa1 78. Kc1 Bb3
0-1

[Event "Elit(LASK-Rockaden,Sthlm)"]
[Site "?"]
[Date "2014.03.09"]
[Round "9"]
[White "Kenneskog, Theodor"]
[Black "Frisk, Ellinor"]
[Result "1-0"]
[WhiteElo "2346"]
[BlackElo "2255"]
[PlyCount "119"]

1. d4 d5 2. c4 c6 3. cxd5 cxd5 4. Bf4 Nc6 5. e3 Nf6 6. Nc3 a6 7. Bd3 Bg4 8.
Nge2 e6 9. O-O Bd6 10. f3 Bh5 11. Bxd6 Qxd6 12. Nf4 Bg6 13. Rc1 Bxd3 14. Nxd3
O-O 15. Rf2 Nd7 16. Na4 Rfc8 17. Rfc2 Ne7 18. Ndc5 Nxc5 19. Nxc5 b6 20. Nd3 g6
21. Ne5 Rxc2 22. Rxc2 Rc8 23. Rxc8+ Nxc8 24. Qc2 Ne7 25. Qa4 b5 26. Qa5 Nc8 27.
b3 Qb6 28. Qc3 Nd6 29. Nd7 Qb7 30. Nc5 Qb6 31. Kf2 b4 32. Qc2 Nb5 33. Na4 Qc7
34. Qxc7 Nxc7 35. Nc5 Kf8 36. Nd3 a5 37. Nc5 Nb5 38. Nb7 Nc3 39. Nxa5 Nxa2 40.
Ke2 Ke7 41. Kd2 Kd6 42. Nb7+ Kc7 43. Nc5 Kd6 44. Na4 Kc6 45. Kc2 Kb5 46. g4 g5
47. Kb2 Nc3 48. Nxc3+ bxc3+ 49. Kxc3 Ka5 50. Kc2 Kb5 51. Kb1 Kb4 52. Kb2 f5 53.
h3 h6 54. Kc2 Kb5 55. Kb1 Kc6 56. Kb2 Kd6 57. b4 e5 58. dxe5+ Kxe5 59. gxf5
Kxf5 60. b5 1-0

[Event "Elit(LASK-Rockaden,Sthlm)"]
[Site "?"]
[Date "2014.03.09"]
[Round "9"]
[White "Dragicevic, Drazen"]
[Black "Hedman, Erik"]
[Result "0-1"]
[WhiteElo "2334"]
[BlackElo "2445"]
[PlyCount "56"]

1. Nf3 c5 2. c4 Nc6 3. d4 cxd4 4. Nxd4 Nf6 5. Nc3 e6 6. a3 Qc7 7. e3 a6 8. Be2
Be7 9. O-O O-O 10. b4 d5 11. cxd5 exd5 12. Bb2 Bd6 13. h3 Qe7 14. Nxc6 bxc6 15.
Na4 a5 16. b5 Rb8 17. b6 Ne4 18. Qc2 Bd7 19. Rfd1 Rfe8 20. Bf3 Qh4 21. Bxe4
Rxe4 22. Rd4 Bxh3 23. Rxe4 dxe4 24. gxh3 Qxh3 25. f4 exf3 26. Bd4 Qg4+ 27. Kf1
Bg3 28. e4 Rd8 0-1

[Event "Elit(Eksjo-Farsta)"]
[Site "?"]
[Date "2014.03.09"]
[Round "9"]
[White "Nikcevic, Nebojsa"]
[Black "Gdanski, Jacek"]
[Result "1/2-1/2"]
[WhiteElo "2494"]
[BlackElo "2574"]
[PlyCount "35"]

1. Nf3 c5 2. c4 Nf6 3. Nc3 Nc6 4. d4 cxd4 5. Nxd4 g6 6. e4 d6 7. Be2 Nxd4 8.
Qxd4 Bg7 9. Be3 O-O 10. Qd2 Be6 11. O-O a6 12. f3 Qa5 13. Rab1 Rfc8 14. b4 Qd8
15. Nd5 Nxd5 16. exd5 Bf5 17. Rbc1 a5 18. b5 1/2-1/2

[Event "Elit(Eksjo-Farsta)"]
[Site "?"]
[Date "2014.03.09"]
[Round "9"]
[White "Bejtovic, Jasmin"]
[Black "von Bahr, Oskar"]
[Result "0-1"]
[WhiteElo "2459"]
[BlackElo "2368"]
[PlyCount "82"]

1. c4 c5 2. g3 Nc6 3. Bg2 g6 4. Nc3 Bg7 5. Nf3 d6 6. O-O Bf5 7. a3 Qd7 8. Nd5
Nf6 9. d3 O-O 10. Re1 Nxd5 11. cxd5 Ne5 12. Nd2 Bh3 13. f4 Bxg2 14. Kxg2 Ng4
15. e3 Nf6 16. e4 e6 17. dxe6 fxe6 18. Nf3 b5 19. Qe2 Rfe8 20. Bd2 Qb7 21. Rad1
b4 22. a4 Nd7 23. b3 Nb8 24. h4 Nc6 25. Be3 e5 26. h5 exf4 27. gxf4 d5 28. Bxc5
Qf7 29. Qd2 dxe4 30. dxe4 Rad8 31. Qe3 Bh6 32. Ng5 Bxg5 33. fxg5 Qe6 34. hxg6
Rxd1 35. gxh7+ Kh8 36. Rxd1 Qg4+ 37. Qg3 Qxd1 38. Qf4 Qe2+ 39. Kg1 Qxe4 40.
Qf6+ Kxh7 41. Qf7+ Kh8 0-1

[Event "Elit(Eksjo-Farsta)"]
[Site "?"]
[Date "2014.03.09"]
[Round "9"]
[White "Lundin, Jan"]
[Black "Carlsson, Pontus"]
[Result "1/2-1/2"]
[WhiteElo "2383"]
[BlackElo "2597"]
[PlyCount "30"]

1. d4 Nf6 2. Nf3 e6 3. e3 c5 4. Bd3 d5 5. O-O Nc6 6. b3 g6 7. dxc5 Bg7 8. Bb2
O-O 9. a3 Qe7 10. b4 e5 11. Be2 Rd8 12. Nbd2 a5 13. b5 e4 14. bxc6 exf3 15.
Nxf3 bxc6 1/2-1/2

[Event "Elit(Eksjo-Farsta)"]
[Site "?"]
[Date "2014.03.09"]
[Round "9"]
[White "Mikkelsen, Nikolaj"]
[Black "Ernst, Thomas"]
[Result "1-0"]
[WhiteElo "2467"]
[BlackElo "2356"]
[PlyCount "119"]

1. e4 e5 2. Nf3 Nc6 3. d4 exd4 4. Nxd4 Nf6 5. Nxc6 bxc6 6. e5 Qe7 7. Qe2 Nd5 8.
c4 Ba6 9. Nd2 g6 10. Nf3 Qb4+ 11. Kd1 Bc5 12. Qc2 Ne7 13. a3 Qb7 14. b4 Bb6 15.
c5 Bxf1 16. Rxf1 a5 17. cxb6 axb4 18. Qb2 O-O 19. Qxb4 Nd5 20. Qd2 Qxb6 21. Rh1
Ra4 22. Ke1 Re4+ 23. Kf1 Nf4 24. Qxf4 Rxf4 25. Bxf4 Qb2 26. Re1 Qxa3 27. h3 f6
28. Bg3 Re8 29. exf6 Rxe1+ 30. Nxe1 Qc3 31. Bxc7 Qxf6 32. Kg1 d6 33. Nf3 c5 34.
h4 c4 35. Kh2 Qf4+ 36. Kh3 c3 37. Bb6 c2 38. Be3 Qf5+ 39. Kh2 d5 40. Rc1 Qe4
41. Kg1 Kg7 42. Nd4 Qxh4 43. Rxc2 Qe4 44. Rc7+ Kg8 45. Nf3 Qb4 46. Bd4 h6 47.
Be5 g5 48. Kh2 Qe4 49. Bg3 Qf5 50. Re7 Kf8 51. Re5 Qd3 52. Re6 Kg7 53. Rd6 Qe4
54. Ne5 Qd4 55. f3 Qc5 56. Rd7+ Kg8 57. Ng4 Qc6 58. Rd6 Qc2 59. Rd7 Qc6 60. Be5
1-0

[Event "Elit(Eksjo-Farsta)"]
[Site "?"]
[Date "2014.03.09"]
[Round "9"]
[White "Lissang, Christopher"]
[Black "Vernersson, Per"]
[Result "1-0"]
[WhiteElo "2285"]
[BlackElo "2409"]
[PlyCount "83"]

1. d4 d5 2. Nf3 Nf6 3. c4 dxc4 4. Qa4+ c6 5. Qxc4 Bf5 6. Nc3 h6 7. g3 e6 8. Bg2
Qa5 9. O-O Qb4 10. Nd2 Nbd7 11. a3 Qxc4 12. Nxc4 Nb6 13. Nxb6 axb6 14. e4 Bh7
15. d5 e5 16. Be3 Bc5 17. Bxc5 bxc5 18. Rac1 O-O 19. dxc6 bxc6 20. Rfd1 Rfc8
21. f3 Kf8 22. Rd2 Ke7 23. Nd1 Ra5 24. Ne3 Nd7 25. Bh3 Ra7 26. Nc4 Re8 27. Rcd1
Nb8 28. Nd6 Rd8 29. Nc8+ Rxc8 30. Bxc8 f6 31. Rd8 Bg6 32. Bf5 Bxf5 33. Rxb8 Be6
34. Rb6 Bd7 35. Rb3 Be6 36. Rb6 Bd7 37. Rd3 Rc7 38. b3 Be6 39. a4 c4 40. bxc4
c5 41. a5 Ra7 42. a6 1-0

[Event "Elit(Eksjo-Farsta)"]
[Site "?"]
[Date "2014.03.09"]
[Round "9"]
[White "Ornstein, Axel"]
[Black "Wieweg, Johnny"]
[Result "1/2-1/2"]
[WhiteElo "2324"]
[BlackElo "2153"]
[PlyCount "83"]

1. d4 Nf6 2. Nf3 g6 3. g3 Bg7 4. Bg2 O-O 5. O-O d5 6. c4 dxc4 7. Na3 c5 8. Nxc4
Be6 9. Nfe5 Nbd7 10. dxc5 Nxc5 11. Be3 Rc8 12. Qxd8 Rfxd8 13. Na5 Bd5 14. Rac1
Nfe4 15. Nd3 b6 16. Nxc5 Nxc5 17. Bxd5 Rxd5 18. b4 bxa5 19. bxc5 Bd4 20. Rfd1
Bxe3 21. fxe3 Rxd1+ 22. Rxd1 Rxc5 23. Rd7 Rc2 24. Rxe7 Rxe2 25. a4 Ra2 26. Rxa7
Rxa4 27. Kf2 Ra2+ 28. Kf3 Rxh2 29. Rxa5 h5 30. e4 Rb2 31. g4 Rb3+ 32. Kf4 h4
33. g5 h3 34. Ra2 Kf8 35. Ra8+ Kg7 36. Ra2 Rb8 37. Rh2 Rh8 38. Kg4 f6 39. gxf6+
Kxf6 40. Rxh3 Rxh3 41. Kxh3 Ke5 42. Kg4 1/2-1/2

[Event "Elit(Eksjo-Farsta)"]
[Site "?"]
[Date "2014.03.09"]
[Round "9"]
[White "Svensk, Ingemar"]
[Black "de Verdier, Michael"]
[Result "1/2-1/2"]
[WhiteElo "2249"]
[BlackElo "2398"]
[PlyCount "59"]

1. e4 c5 2. Nf3 e6 3. d4 cxd4 4. Nxd4 Nc6 5. Nc3 Qc7 6. g3 a6 7. Bg2 d6 8. O-O
Nxd4 9. Qxd4 Ne7 10. Be3 Nc6 11. Qd2 Be7 12. Na4 b5 13. Nb6 Rb8 14. Nxc8 Rxc8
15. a4 O-O 16. axb5 axb5 17. Rfc1 Qb8 18. Ra6 Ne5 19. Rb6 Qa8 20. Qb4 Nc4 21.
e5 Qa4 22. Qxa4 bxa4 23. Rb7 Nxe3 24. Rxe7 Nf5 25. Ra7 dxe5 26. c3 Rb8 27. Rc2
Rfc8 28. Rxa4 Nd4 29. Rd2 Nb3 30. Rc2 1/2-1/2

[Event "Elit(Eksjo-Farsta)"]
[Site "?"]
[Date "2014.03.09"]
[Round "9"]
[White "Malesevic, Nedeljko"]
[Black "Jaderberg, Bjorn"]
[Result "1/2-1/2"]
[WhiteElo "2336"]
[BlackElo "2207"]
[PlyCount "100"]

1. d4 g6 2. c4 Bg7 3. Nc3 d6 4. Nf3 e5 5. d5 Ne7 6. e4 a5 7. h3 O-O 8. g4 c6 9.
Be3 f5 10. Rg1 f4 11. Bc1 Na6 12. g5 cxd5 13. cxd5 Qb6 14. Nd2 Bd7 15. h4 Rfc8
16. h5 Qd4 17. hxg6 hxg6 18. Nf3 Qc5 19. a4 Nb4 20. Bd2 Kf7 21. Rc1 Qb6 22. Nb5
Rxc1 23. Bxc1 Rc8 24. Nc3 Rh8 25. Bb5 Bxb5 26. axb5 Rh3 27. Kf1 Qc5 28. Qe2 Qc8
29. Ke1 Qd7 30. Kd1 Nc8 31. b3 Qc7 32. Bb2 Bf8 33. Kd2 Nb6 34. Rc1 Be7 35. Na4
Qd8 36. Ba3 Nxa4 37. bxa4 Qb6 38. Rc4 Rh1 39. Bxb4 axb4 40. Rc1 Rxc1 41. Kxc1
Bd8 42. Qc2 b3 43. Qc8 Bc7 44. Qe6+ Kf8 45. Qf6+ Ke8 46. Qxg6+ Ke7 47. Qe6+ Kd8
48. Qg8+ Kd7 49. Qe6+ Kd8 50. Qg8+ Kd7 1/2-1/2

[Event "Elit(Burgsvik-Upsala)"]
[Site "?"]
[Date "2014.03.09"]
[Round "9"]
[White "Johansson, Jan"]
[Black "Fries Nielsen, Jens Ove"]
[Result "1-0"]
[WhiteElo "2407"]
[BlackElo "2486"]
[PlyCount "67"]
[SourceDate "2014.03.14"]

1. d4 e6 2. c4 g6 3. Nc3 Bg7 4. Nf3 Ne7 5. Bf4 d6 6. Qd2 h6 7. e4 Nd7 8. O-O-O
a6 9. h4 b6 10. Be2 Bb7 11. Rhe1 e5 12. Be3 f5 13. dxe5 dxe5 14. Qc2 f4 15. Bd2
c5 16. Rg1 O-O 17. g3 Qe8 18. Nd5 Nxd5 19. exd5 e4 20. gxf4 exf3 21. Bd3 Qe7
22. Rxg6 Rf6 23. Rg4 Rf7 24. Rdg1 Nf6 25. Rg6 h5 26. Bc3 Ng4 27. Rg5 Nf6 28.
Bg6 Raf8 29. Bxh5 Bc8 30. Bxf3 Ne8 31. Be4 Rxf4 32. d6 Qxg5 33. Rxg5 Rxf2 34.
Bd5+ 1-0

[Event "Elit(Burgsvik-Upsala)"]
[Site "?"]
[Date "2014.03.09"]
[Round "9"]
[White "Glimbrant, Torbjorn"]
[Black "Larsson, Victor"]
[Result "1-0"]
[WhiteElo "2336"]
[BlackElo "2249"]
[PlyCount "71"]

1. d4 d5 2. c4 e6 3. Nf3 Nf6 4. e3 Be7 5. Nc3 O-O 6. Qc2 c6 7. Bd3 dxc4 8. Bxc4
b5 9. Bd3 Bb7 10. O-O a6 11. e4 h6 12. Rd1 Nbd7 13. Qe2 Re8 14. e5 Nd5 15. Qe4
Nf8 16. Qg4 Kh8 17. Ne4 f5 18. exf6 Nxf6 19. Nxf6 Bxf6 20. Be3 Qe7 21. Rac1 Qb4
22. Qh5 Kg8 23. b3 Rad8 24. Be4 Qd6 25. Ne5 Bxe5 26. Qxe5 Qa3 27. Bxh6 gxh6 28.
Rc3 Re7 29. Rg3+ Kf7 30. Qh5+ Kf6 31. Qxh6+ Kf7 32. Qh5+ Kf6 33. Qg5+ Kf7 34.
Bg6+ Kg7 35. Be8+ Kh7 36. Rh3# 1-0

[Event "Elit(Burgsvik-Upsala)"]
[Site "?"]
[Date "2014.03.09"]
[Round "9"]
[White "Andersson, Tommy"]
[Black "Malm Lindberg, Henrik"]
[Result "1-0"]
[WhiteElo "2414"]
[BlackElo "2274"]
[PlyCount "67"]

1. d4 Nf6 2. c4 e6 3. Nf3 b6 4. g3 Ba6 5. Qa4 c5 6. Bg2 Bb7 7. dxc5 Bxc5 8. O-O
O-O 9. Nc3 Be7 10. Bf4 Na6 11. Rfd1 Nc5 12. Qc2 a6 13. Rd4 d5 14. cxd5 exd5 15.
Ng5 h6 16. Nxd5 Bxd5 17. Bxd5 hxg5 18. Bxf7+ Rxf7 19. Rxd8+ Bxd8 20. Bxg5 Nfe4
21. Be3 a5 22. Rd1 Bg5 23. Bxc5 Nxc5 24. f4 Be7 25. Qc4 Rd8 26. Rd5 Kf8 27. e4
g6 28. e5 Ne6 29. Rxd8+ Nxd8 30. Qc8 Bc5+ 31. Kg2 Ke8 32. Qg4 Rg7 33. f5 Nc6
34. f6 1-0

[Event "Elit(Burgsvik-Upsala)"]
[Site "?"]
[Date "2014.03.09"]
[Round "9"]
[White "Burwick, Malte"]
[Black "Krupenski, Juri"]
[Result "1/2-1/2"]
[WhiteElo "2294"]
[BlackElo "2357"]
[PlyCount "31"]

1. c4 Nf6 2. g3 e6 3. Bg2 c5 4. Nf3 Be7 5. O-O O-O 6. d4 cxd4 7. Nxd4 a6 8. b3
Ra7 9. Ba3 d6 10. Qd2 b6 11. Nc3 Bb7 12. e4 Ba8 13. f4 Nbd7 14. Kh1 g6 15. Rae1
Nc5 16. Nc2 1/2-1/2

[Event "Elit(Burgsvik-Upsala)"]
[Site "?"]
[Date "2014.03.09"]
[Round "9"]
[White "Packalen, Marcus"]
[Black "Marttala, Thomas"]
[Result "1/2-1/2"]
[WhiteElo "2206"]
[BlackElo "2227"]
[PlyCount "68"]

1. c4 Nf6 2. Nc3 e5 3. g3 Bb4 4. Bg2 O-O 5. e4 Bxc3 6. bxc3 d6 7. Ne2 Nc6 8.
O-O Be6 9. d3 Qd7 10. f4 exf4 11. Bxf4 Bh3 12. Nd4 Bxg2 13. Kxg2 Nxd4 14. cxd4
b6 15. h3 Kh8 16. Qf3 Ng8 17. Rf2 Ne7 18. Raf1 Kg8 19. g4 Ng6 20. Qg3 Nxf4+ 21.
Rxf4 Rae8 22. h4 c5 23. d5 a6 24. g5 Re5 25. Rf5 Rxf5 26. Rxf5 b5 27. h5 bxc4
28. dxc4 Re8 29. Qf4 g6 30. hxg6 hxg6 31. Rf6 Re5 32. Kg3 Qe7 33. Kf3 Qd7 34.
Kg3 Qe7 1/2-1/2

[Event "Elit(Burgsvik-Upsala)"]
[Site "?"]
[Date "2014.03.09"]
[Round "9"]
[White "Thorgeirsson, Sverrir"]
[Black "Linusson, Pelle"]
[Result "1-0"]
[WhiteElo "2211"]
[BlackElo "2204"]
[PlyCount "121"]

1. d4 Nf6 2. Nf3 g6 3. Bf4 Bg7 4. e3 O-O 5. Bd3 c5 6. c3 d6 7. O-O Nh5 8. Bg5
h6 9. Bh4 Qc7 10. Re1 b6 11. Be4 Bb7 12. Bxb7 Qxb7 13. Nbd2 Re8 14. Rc1 Nd7 15.
b4 g5 16. Bg3 Nxg3 17. hxg3 Rec8 18. Qb3 cxb4 19. cxb4 b5 20. Nb1 Rc6 21. Rxc6
Qxc6 22. Nc3 Rc8 23. Rc1 Nb6 24. Nd2 Qd7 25. Ne2 Rxc1+ 26. Nxc1 Qc6 27. Nd3 e6
28. Kf1 Bf6 29. f3 Nd5 30. Kf2 Bd8 31. g4 Bb6 32. Ne4 Kg7 33. Ke2 f5 34. gxf5
exf5 35. Ng3 Kf6 36. e4 fxe4 37. fxe4 Nc3+ 38. Ke3 Qc4 39. Qxc4 bxc4 40. Nc1
Nb5 41. Nce2 Nxd4 42. Nxd4 Ke5 43. Nge2 h5 44. a4 a6 45. b5 axb5 46. axb5 g4
47. g3 Bc5 48. Kd2 Kxe4 49. Ne6 Bb6 50. N6f4 Ba5+ 51. Kc2 Kf3 52. Kd1 c3 53.
Kc2 d5 54. Kd3 d4 55. Nxh5 Bb6 56. Nef4 Kf2 57. Nd5 Ba7 58. b6 Bb8 59. b7 Ke1
60. Nxc3 dxc3 61. Kxc3 1-0

[Event "Elit(Burgsvik-Upsala)"]
[Site "?"]
[Date "2014.03.09"]
[Round "9"]
[White "Tuvesson, Mats"]
[Black "Johansson, Thomas"]
[Result "1/2-1/2"]
[WhiteElo "2209"]
[BlackElo "2224"]
[PlyCount "176"]

1. d4 Nf6 2. c4 g6 3. Nc3 Bg7 4. e4 d6 5. Nf3 O-O 6. Be2 e5 7. O-O exd4 8. Nxd4
Re8 9. f3 Nc6 10. Nc2 Nh5 11. Nd5 f5 12. Bd3 Ne5 13. Re1 c6 14. Nf4 Nf6 15.
exf5 Nxd3 16. Rxe8+ Qxe8 17. Nxd3 Bxf5 18. Ne3 Bxd3 19. Qxd3 Rd8 20. Bd2 d5 21.
Re1 Qf8 22. cxd5 Nxd5 23. Nxd5 Rxd5 24. Qb3 Qc5+ 25. Be3 Bd4 26. Kf1 Bxe3 27.
Qxe3 Qxe3 28. Rxe3 Rb5 29. b3 Kf7 30. Ke2 Ra5 31. a4 Rh5 32. h3 Rd5 33. Re4 h5
34. g4 b6 35. f4 Rc5 36. Kd3 Rc1 37. gxh5 gxh5 38. Re5 Kg6 39. Re6+ Kf5 40. Rh6
Kxf4 41. Rxh5 Rd1+ 42. Kc2 Rd7 43. Rh6 Rc7 44. h4 Ke5 45. Kd3 Kd5 46. Rh5+ Kd6
47. Kd4 Rf7 48. Rh6+ Kc7 49. Re6 Kd7 50. Re4 Rf3 51. Kc4 a5 52. Rg4 Rh3 53.
Rg7+ Kd6 54. Rh7 Ke6 55. h5 Rh4+ 56. Kc3 Kd5 57. h6 Kc5 58. Rh8 Rh3+ 59. Kc2
Kb4 60. h7 Rh2+ 61. Kc1 Kc3 62. Kd1 Rh1+ 63. Ke2 Kxb3 64. Rb8 Rxh7 65. Rxb6+
Kxa4 66. Rxc6 Kb5 67. Rd6 Rc7 68. Kd2 a4 69. Rd8 Kb4 70. Rb8+ Ka3 71. Rb6 Ka2
72. Rb4 Ka3 73. Rb6 Rc4 74. Rb8 Ka2 75. Rb7 a3 76. Rb6 Rc8 77. Rb7 Ka1 78. Rb6
Rh8 79. Kc1 Rh1+ 80. Kc2 Ka2 81. Rb7 Rh2+ 82. Kc1 Rb2 83. Rc7 Rb4 84. Rc8 Kb3
85. Kb1 a2+ 86. Ka1 Rh4 87. Rb8+ Ka3 88. Rb3+ Kxb3 1/2-1/2

[Event "Elit(Vasteras-Orgryte)"]
[Site "?"]
[Date "2014.03.09"]
[Round "9"]
[White "Tukhaev, Adam"]
[Black "Akesson, Ralf"]
[Result "1-0"]
[WhiteElo "2635"]
[BlackElo "2438"]
[PlyCount "61"]

1. e4 c6 2. d4 d5 3. e5 Bf5 4. h4 h6 5. g4 Bd7 6. Nc3 Qc8 7. Be2 h5 8. gxh5 Nh6
9. Be3 Nf5 10. Qd2 e6 11. O-O-O c5 12. dxc5 Nxe3 13. fxe3 Qxc5 14. Nf3 Nc6 15.
Nb5 Nb4 16. Nbd4 Nxa2+ 17. Kb1 Nb4 18. c3 Na6 19. Ng5 Be7 20. Rdf1 Bxg5 21.
hxg5 Qe7 22. Nb5 Bxb5 23. Bxb5+ Kd8 24. Bxa6 bxa6 25. e4 Qd7 26. exd5 exd5 27.
Rh4 Re8 28. Rhf4 Qe6 29. Rxf7 Re7 30. Rxe7 Kxe7 31. Qd4 1-0

[Event "Elit(Vasteras-Orgryte)"]
[Site "?"]
[Date "2014.03.09"]
[Round "9"]
[White "Sjodahl, Pontus"]
[Black "Ziegler, Ari"]
[Result "1/2-1/2"]
[WhiteElo "2488"]
[BlackElo "2353"]
[PlyCount "47"]

1. d4 Nf6 2. c4 c5 3. d5 b5 4. cxb5 a6 5. bxa6 g6 6. Nc3 Bxa6 7. e4 Bxf1 8.
Kxf1 d6 9. Nf3 Nbd7 10. g3 Bg7 11. Kg2 O-O 12. h3 Qa5 13. Re1 Rfb8 14. e5 dxe5
15. Nxe5 Nxe5 16. Rxe5 Rb7 17. Qf3 Ne8 18. Re2 Nd6 19. Bf4 Rxb2 20. Rxb2 Qxc3
21. Qxc3 Bxc3 22. Rab1 Bxb2 23. Rxb2 Kf8 24. Rc2 1/2-1/2

[Event "Elit(Vasteras-Orgryte)"]
[Site "?"]
[Date "2014.03.09"]
[Round "9"]
[White "Frisk Kockum, Anton"]
[Black "Norberg, Johan"]
[Result "1/2-1/2"]
[WhiteElo "2425"]
[BlackElo "2365"]
[PlyCount "93"]

1. d4 d6 2. Nf3 g6 3. c4 Bg7 4. Nc3 e5 5. dxe5 dxe5 6. Qxd8+ Kxd8 7. Bg5+ f6 8.
O-O-O+ Bd7 9. Be3 Bh6 10. Nd5 Bxe3+ 11. Nxe3 c6 12. g4 Kc7 13. g5 e4 14. Nd2 f5
15. h4 Na6 16. h5 Ne7 17. f3 exf3 18. Nxf3 Nc5 19. Ne5 Be6 20. Ng2 Raf8 21. Nf4
Bc8 22. hxg6 hxg6 23. Bg2 Ne6 24. Nfxg6 Nxg6 25. Nxg6 Rxh1 26. Rxh1 Rg8 27.
Rh7+ Kb8 28. Ne5 Rxg5 29. Bxc6 f4 30. Nd7+ Bxd7 31. Bxd7 Nd4 32. Re7 Rg2 33.
Kd1 f3 34. exf3 Rxb2 35. f4 Rxa2 36. Re4 Nb3 37. Bg4 Rd2+ 38. Ke1 Rd4 39. Rxd4
Nxd4 40. Kd2 Kc7 41. Kc3 Nc6 42. c5 b6 43. Kc4 bxc5 44. Kxc5 Ne7 45. Be6 a5 46.
f5 Nxf5 47. Bxf5 1/2-1/2

[Event "Elit(Vasteras-Orgryte)"]
[Site "?"]
[Date "2014.03.09"]
[Round "9"]
[White "Eriksson, Anders"]
[Black "Kumar, Rahul"]
[Result "1-0"]
[WhiteElo "2352"]
[BlackElo "2245"]
[PlyCount "67"]

1. Nf3 d6 2. g3 g6 3. Bg2 Bg7 4. O-O e6 5. c4 Ne7 6. Nc3 Nd7 7. d4 a6 8. Qc2
Rb8 9. Rd1 O-O 10. e4 c6 11. Bf4 Nf6 12. c5 Ne8 13. Na4 b5 14. cxd6 Nxd6 15.
Nc5 Ra8 16. a4 a5 17. Ne5 f6 18. Nf3 Kh8 19. e5 Ne8 20. exf6 Nxf6 21. Ng5 Qb6
22. Ngxe6 Bxe6 23. Nxe6 Nfd5 24. Nxf8 Nxf4 25. Nd7 Qc7 26. gxf4 Qxd7 27. axb5
Rc8 28. bxc6 Nxc6 29. Rac1 Ne7 30. Qd2 Rf8 31. Qxa5 Rxf4 32. Qc7 Qxc7 33. Rxc7
Nf5 34. Rc8+ 1-0

[Event "Elit(Vasteras-Orgryte)"]
[Site "?"]
[Date "2014.03.09"]
[Round "9"]
[White "Gajic, Mladen"]
[Black "Orndahl, Markus"]
[Result "0-1"]
[WhiteElo "2309"]
[BlackElo "2251"]
[PlyCount "90"]

1. b3 e5 2. Bb2 Nc6 3. g3 g6 4. Bg2 Bg7 5. c4 Nge7 6. Nc3 O-O 7. d3 h6 8. Nf3
f5 9. Nd2 d6 10. Nf1 Nd4 11. Ne3 c6 12. f4 exf4 13. gxf4 g5 14. fxg5 hxg5 15.
h3 Ng6 16. Nc2 Nh4 17. Bf1 Qe7 18. Nxd4 Bxd4 19. Kd2 Be3+ 20. Kc2 f4 21. Qe1
Bf5 22. Nd1 Bb6 23. Qc3 Kh7 24. Rc1 a5 25. Kb1 Rf7 26. Ka1 Bg6 27. Rc2 Re8 28.
a3 Nf5 29. h4 Nxh4 30. e4 fxe3 31. Rch2 Rf4 32. Qc1 Bd4 33. Nc3 Qf6 34. Be2 Kg7
35. Kb1 Nf3 36. Bxf3 Bxd3+ 37. Ka2 Rxf3 38. Rh5 Bg6 39. Rh6 Rf2 40. Ka1 Rc2 41.
Qd1 Rd2 42. Qg4 e2 43. Qd7+ Re7 44. Qc8 e1=Q+ 45. Ka2 Rxb2+ 0-1

[Event "Elit(Vasteras-Orgryte)"]
[Site "?"]
[Date "2014.03.09"]
[Round "9"]
[White "Bergstrom, Peter"]
[Black "Arnelind, Mikael"]
[Result "1-0"]
[WhiteElo "2332"]
[BlackElo "2229"]
[PlyCount "99"]

1. e4 e6 2. d4 d5 3. Nc3 Bb4 4. exd5 exd5 5. Qf3 Qe7+ 6. Nge2 Nc6 7. Qd3 Nf6 8.
a3 Bxc3+ 9. Qxc3 Bf5 10. f3 O-O 11. Bf4 Rfe8 12. O-O-O Rac8 13. g4 Be6 14. Ng3
Nb8 15. Bd3 g6 16. h4 c5 17. Bxb8 cxd4 18. Qxd4 Rxb8 19. Qxa7 Qc7 20. Ne2 Nd7
21. Qd4 Ne5 22. h5 Nxf3 23. Qf6 Bxg4 24. hxg6 fxg6 25. Bxg6 h5 26. Bxe8 Rxe8
27. Nd4 Qg7 28. Qxg7+ Kxg7 29. Nxf3 Bxf3 30. Rhg1+ Kh6 31. Rd3 Be4 32. Rb3 Re7
33. Rb6+ Kh7 34. Rf6 Rc7 35. c3 Rg7 36. Rxg7+ Kxg7 37. Rf2 Kg6 38. Kd2 h4 39.
Ke2 Kg5 40. Kf1 Bf5 41. a4 h3 42. Kg1 Kf6 43. a5 Ke5 44. b4 Bd7 45. Rf7 Kd6 46.
Kh2 Bc8 47. b5 Bd7 48. a6 bxa6 49. bxa6 Bc6 50. a7 1-0

[Event "Elit(Vasteras-Orgryte)"]
[Site "?"]
[Date "2014.03.09"]
[Round "9"]
[White "Fransson, Patrick"]
[Black "Norberg, Erik"]
[Result "1/2-1/2"]
[WhiteElo "2198"]
[BlackElo "2246"]
[PlyCount "111"]

1. d4 g6 2. c4 Bg7 3. Nc3 d6 4. e4 Nf6 5. f3 O-O 6. Bg5 Nbd7 7. Qd2 c6 8. h4
Rb8 9. O-O-O b5 10. g4 bxc4 11. Bxc4 Rb4 12. Bb3 Qb6 13. Be3 c5 14. Nge2 cxd4
15. Nxd4 Ne5 16. g5 Nh5 17. Nd5 Rxd4 18. Bxd4 Qb7 19. Qe3 Be6 20. Kb1 a5 21.
Rc1 a4 22. Rc7 Qb8 23. Ba7 Qd8 24. Rhc1 axb3 25. Nxe7+ Kh8 26. axb3 Re8 27. Nd5
Bxd5 28. exd5 Nc4 29. R1xc4 Rxe3 30. Bxe3 Bf8 31. Rc8 Qe7 32. Re4 Qb7 33. Bd4+
f6 34. Rxf8+ Kg7 35. Rfe8 Kf7 36. gxf6 Nxf6 37. R8e7+ Qxe7 38. Rxe7+ Kxe7 39.
Kc2 Nxd5 40. Kd3 Kd7 41. Kc4 Kc6 42. b4 Nc7 43. Bf2 Nb5 44. Bg1 d5+ 45. Kd3 Kd6
46. Bc5+ Ke5 47. Ke3 Kf5 48. Bf8 g5 49. hxg5 Kxg5 50. Be7+ Kf5 51. Bh4 h5 52.
Bg3 Kg5 53. Bb8 Kf5 54. Bg3 Kg5 55. Bb8 Kf5 56. Bg3 1/2-1/2

[Event "Elit(Vasteras-Orgryte)"]
[Site "?"]
[Date "2014.03.09"]
[Round "9"]
[White "Janse, Rasmus"]
[Black "Eksmyr, Johan"]
[Result "1-0"]
[WhiteElo "2281"]
[BlackElo "2205"]
[PlyCount "123"]

1. d4 Nf6 2. c4 g6 3. Nc3 d5 4. cxd5 Nxd5 5. e4 Nxc3 6. bxc3 Bg7 7. Bc4 O-O 8.
Ne2 Nc6 9. O-O b6 10. Ba3 Bb7 11. Qc1 Na5 12. Bd3 c5 13. Qe3 Rc8 14. dxc5 bxc5
15. Rab1 Qd7 16. Bxc5 Rfd8 17. Bb5 Qe6 18. Bxa7 Bxe4 19. Bb6 Bxb1 20. Qxe6 fxe6
21. Bxd8 Bd3 22. Bxd3 Rxd8 23. Rd1 Rd6 24. Bc2 Rc6 25. Ba4 Rd6 26. Kf1 Kf7 27.
Ke1 Nc4 28. Bb3 Nb6 29. Rxd6 exd6 30. Nd4 Ke7 31. Kd2 d5 32. a4 Kd6 33. a5 Nc8
34. Nb5+ Kc6 35. Ba4 Kb7 36. Kd3 Ka6 37. Nc7+ Kxa5 38. Bd7 Ne7 39. Bxe6 Kb6 40.
Nxd5+ Nxd5 41. Bxd5 Kc5 42. Bg8 h6 43. c4 Bd4 44. f3 Bg1 45. h3 g5 46. Ke4 h5
47. Kf5 Be3 48. h4 gxh4 49. Kg6 h3 50. gxh3 h4 51. Kh5 Bf2 52. f4 Kd6 53. Kg5
Be3 54. Bd5 Bd2 55. Kg4 Be3 56. f5 Ke5 57. Be6 Bf2 58. Kg5 Bb6 59. Kxh4 Kf4 60.
Kh5 Bc5 61. Kg6 Be7 62. f6 1-0